| 000 | 00787nam a22001577a 4500 | ||
|---|---|---|---|
| 003 | SGT | ||
| 020 | _a9780070965188 | ||
| 082 | _a658.15,MOT | ||
| 100 | _aMOTE,V.L | ||
| 245 | _aMANAGERIAL ECONOMICS: CONCEPTS & CASES | ||
| 250 | _a1ST | ||
| 260 |
_aNEW DELHI _bTMH |
||
| 650 | _aMANAGERIAL ECONOMICS | ||
| 653 | _aCHAPTER 1. INTRODUCTION CHAPTER 2. DEMAND ANALYSIS AND FORECASTING CHAPTER 3. PRODUCTION AND COST ANALYSIS CHAPTER 4. PRICING CHAPTER 5. OPTIMIZATION: A LINEAR PROGRAMMING APPROACH CHAPTER 6. INTRODUCTION TO CAPITAL BUDGETING CHAPTER 7. CASES IN DEMAND ANALYSIS AND FORECASTING CHAPTER 8. CASES IN PRODUCTION AND COST ANALYSIS CHAPTER 9. CASES IN PRICING CHAPTER 10. CASES IN LINEAR PROGRAMMING CHAPTER 11. CASES IN CAPITAL BUDGETING INDEX OF CASES | ||
| 942 |
_2ddc _cFCM _08 |
||
| 999 |
_c9864 _d9864 |
||